000 00306nam a22001337a 4500
008 170627b xxu||||| |||| 00| 0 eng d
020 _a9780658008733
041 _aeng
080 _a05
100 _a21
101 _aGJL
245 _aA NEW REFERENCE GRAMMAR OF MODERN
_cBUTT.J
942 _2udc
_cBK
999 _c19278
_d19278